| 000 | 00599nam a2200217 a 4500 | ||
|---|---|---|---|
| 999 |
_c1376 _d1376 |
||
| 001 | 1376 | ||
| 003 | BD-JhCC | ||
| 005 | 20171018182544.0 | ||
| 008 | 171018s1991 b ||||| |||| 00| 0 b d | ||
| 035 | _a(BD-JhCC)1376 | ||
| 040 |
_aBD-JhCC _dBD-JhCC |
||
| 041 | _aben | ||
| 082 |
_223 _a891.443 _bALI 1991 |
||
| 100 | _aআলী, শওকাত | ||
| 245 |
_aওয়ারিশ / _cশওকাত আলী, |
||
| 260 |
_aঢাকা : _bবিদ্যাপ্রকাশ, _c১৯৯১ |
||
| 300 |
_a207 p. : _c22cm. |
||
| 650 | _aBengali Novel | ||
| 942 |
_2ddc _cBK |
||